000 00461nam a22001697a 4500
003 NUST - PNEC
005 20170116181135.0
008 151007b xxu||||| |||| 00| 0 eng d
020 _a8120311833
040 _cLIBRARY
082 _a158.4954 MCG
100 _914210
_aMcGrath, E. H.
245 _aTraining for life and leadership in industry
_cE. H.McGrath
250 _a4th ed
650 _914213
_aWork--Psychological aspects
_xGeneral
942 _2ddc
_cBK
999 _c70175
_d70175